000 00272nam a22001337a 4500
008 170913b xxu||||| |||| 00| 0 eng d
020 _a2ND
041 _aeng
080 _a53
100 _a43
101 _aFIZ
245 _aCOLLEGE PHYSICS
_cKNIGHT,R
942 _2udc
_cBK
999 _c27416
_d27416